| 000 | 00940cab a2200253 4500 | ||
|---|---|---|---|
| 001 | ABS58299 | ||
| 008 | 090401t1998 xxu||||| |||| 00| 0 eng d | ||
| 035 | _a(Sirsi) u84634 | ||
| 041 | _aeng | ||
| 100 | _aRatzer, P. | ||
| 245 | _aPFI - the importance of the accounting debate | ||
| 260 | _c1998 | ||
| 350 | _a0 | ||
| 490 |
_aPFI Intelligence Bulletin _v3(1) February 1998, 14-15(2) |
||
| 520 | _aOutlines the key differences between the Accounting Standards Board draft application notes on PFI transactions and the Treasury`s interim guidance `How to Account for PFI Transactions`. Considers the implications of the ASB`s proposals, which many believe could derail PFI. | ||
| 650 | _aACCOUNTANCY | ||
| 650 | _aACCOUNTING STANDARDS BOARD | ||
| 650 | _aPFI TRANSACTIONS | ||
| 650 | _aPFI | ||
| 650 | _aPRIVATE FINANCE INITIATIVE | ||
| 690 | _aPROPERTY-PROPERTY FINANCE AND INVESTMENT | ||
| 942 | _n0 | ||
| 948 | _c04/03/1998 | ||
| 999 |
_c53204 _d53204 |
||